000 00556nam a22001697a 4500
005 20240404155108.0
010 _aENG-140041
020 _c1000.00
_a9789383982066
035 _aEN-123573
037 _bDBAD
100 _aLiebermeister, Svagito R
_964314
245 _aWays Of Counseling The Zen Way of Counseling/
_cSvagito R. Liebermeister
260 _aNew Delhi
_bVangiri Press
_c2017
270 _a102, 43273,Satyam House Ansari Road Darya Ganj
_bNew Delhi
_e110002
300 _a239P.
_c22 c.m(pb)
942 _2ddc
_cEN
_h158.1
_mLIE
999 _c201937
_d201937